Historia de la educación
Gespeichert in:
| Hauptverfasser: | , |
|---|---|
| Format: | Buch |
| Sprache: | Spanisch |
| Veröffentlicht: |
Antofagasta
Universidad Católica del Norte
2003
|
| Schriftenreihe: | Historia de la Educación Chilena
|
| Schlagworte: | |
| Tags: |
Tag hinzufügen
Keine Tags, Fügen Sie den ersten Tag hinzu!
|
MARC
| LEADER | 00000nam a2200000 a 4500 | ||
|---|---|---|---|
| 001 | UCL4543 | ||
| 003 | CL-VaPUC | ||
| 008 | 040116e20030000CL |||||||||||||||||spa|d | ||
| 020 | |a 9562871452 | ||
| 082 | 0 | 4 | |a 370.9 |b FLO |2 21 |
| 100 | 0 | |a Flores Martínez, Nancy Victoria |e author |9 482107 | |
| 700 | 0 | |a Rivera Morales, Juan Robinson |e author |9 482108 | |
| 245 | 1 | 0 | |a Historia de la educación |
| 300 | |a 231 p | ||
| 942 | |c BK | ||
| 945 | |d 20040116 00:00:00 |a cmena | ||
| 260 | |a Antofagasta |b Universidad Católica del Norte |c 2003 | ||
| 650 | 0 | |a Historia de la educación |9 257642 | |
| 650 | 7 | |a EDUCACION COMPARADA |2 CL-VaPUC |9 307694 | |
| 583 | |a last modification |c 20040116 00:00:00 |k Rodrigo Vera | ||
| 490 | 0 | |a Historia de la Educación Chilena | |
| 999 | |c 307365 |d 307363 | ||
| 952 | |0 0 |1 0 |4 0 |6 370_900000000000000_FLO_2003 |7 0 |8 A |9 373291 |a BIBEDU |b BIBEDU |d 2019-11-21 |i 3979032 |o 370.9 FLO 2003 |p 3979032 |r 2019-11-21 |w 2019-11-21 |y BK |k EBA | ||